LIBRARY & INFORMATION CENTRE, KCAET, TAVANUR

ONLINE PUBLIC ACCESS CATALOGUE (OPAC)

Soils an introduction / (Record no. 9066)

MARC details
000 -LEADER
fixed length control field 00458cam a2200181ua 4500
020 ## - INTERNATIONAL STANDARD BOOK NUMBER
ISBN 0 13 449174 2
041 ## - LANGUAGE CODE
Language code of text/sound track or separate title eng
082 ## - DEWEY DECIMAL CLASSIFICATION NUMBER
Classification number 631.4
Item number SIN/SO
100 ## - MAIN ENTRY--AUTHOR NAME
Personal name Singer, Michael J .
245 ## - TITLE STATEMENT
Title Soils an introduction /
250 ## - EDITION STATEMENT
Edition statement 3 /
260 ## - PUBLICATION, DISTRIBUTION, ETC. (IMPRINT)
Place of publication London :
Name of publisher Prentice Hall Inc ,
Year of publication 1996.
300 ## - PHYSICAL DESCRIPTION
Number of Pages 480 ; .
700 1# - ADDED ENTRY--PERSONAL NAME
Personal name Munns, Donald N .
942 ## - ADDED ENTRY ELEMENTS (KOHA)
Koha item type Books
Holdings
Withdrawn status Lost status Damaged status Home library Current library Date acquired Full call number Accession Number Koha item type
      KAUAET KAUAET 07/04/2012 631.4 18933 Books
free website counter